Preskoči na sadržaj

Прикладная эконометрика. Оценка стоимости квартиры на рынке жилья Учебное пособие

Учебное пособие предназначено для подготовки магистров направления 380401 «Экономика» изучающих эконометрику. Содержит теоретические основы моделирования краткие методические указания по применению эконометрических методов и примеры исследований рынка жилья. Может быть использовано для проведения пр...

Cijeli opis

Spremljeno u:
Bibliografski detalji
Glavni autor: Карпенко Н.В
Format: Учебное пособие
Online pristup:https://znanium.com/catalog/document?id=415820
https://znanium.com/cover/1896/1896142.jpg
Oznake: Dodaj oznaku
Bez oznaka, Budi prvi tko označuje ovaj zapis!
LEADER 02341nam0a2200265 i 4500
001 RU\infra-m\znanium\bibl\1896142
003 https://znanium.com/catalog/document?id=415820
005 20220624000000.0
100 |a 20220624d2022 m y0rusy0150 ca 
101 0 |a rus 
102 |a RU 
200 1 |a Прикладная эконометрика. Оценка стоимости квартиры на рынке жилья  |e Учебное пособие  |f Российский университет транспорта (МИИТ) 
210 1 |a Москва  |c Федеральное государственное автономное образовательное учреждение высшего образования «Российский университет транспорта»  |d 2018 
215 |a 111 с. 
330 |a Учебное пособие предназначено для подготовки магистров направления 380401 «Экономика» изучающих эконометрику. Содержит теоретические основы моделирования краткие методические указания по применению эконометрических методов и примеры исследований рынка жилья. Может быть использовано для проведения практических занятий организации самостоятельной и научно-практической работы студентов. 
333 |a ВО - Магистратура 
606 |a Физико-математические науки  |x Эконометрика  |2 local 
608 |a Учебное пособие  |2 local 
675 |a 330  |z rus 
686 |a 6544  |2 rubbk 
686 |a 38.04.01  |2 okso 
700 1 |a Карпенко  |b Н.В.  |g Надежда Викторовна  |p Российский университет транспорта (МИИТ) 
801 0 |a RU  |b Общество с ограниченной ответственностью «ЗНАНИУМ»  |c 20220623  |2 rusmarc 
856 4 |a znanium.com  |m ebs_support@infra-m.ru  |n НИЦ ИНФРА-М  |u https://znanium.com/catalog/document?id=415820 
856 4 1 |a znanium.com  |d /cover/1896  |f 1896142.jpg  |q image/jpeg  |u https://znanium.com/cover/1896/1896142.jpg